|
|
|
|
| LEADER |
00000nam0a2200000 4500 |
| 001 |
67122 |
| 005 |
20231101212311.0 |
| 010 |
|
|
|a 5944571314
|
| 035 |
|
|
|a (RuTPU)RU\TPU\book\71482
|
| 090 |
|
|
|a 67122
|
| 100 |
|
|
|a 20040913d2003 km y0rusy50 ca
|
| 101 |
0 |
|
|a rus
|
| 102 |
|
|
|a RU
|
| 105 |
|
|
|a y eg 001zy
|
| 200 |
1 |
|
|a Новый объяснительный словарь синонимов русского языка
|h Вып. 3
|f Ю. Д. Апресян, В. Ю. Апресян, О. Ю. Богуславская и др.
|g Российская академия наук; Институт русского языка им. В. В. Виноградова; Под ред. Ю. Д. Апресяна
|
| 210 |
|
|
|a Москва
|c Языки славянской культуры
|d 2003
|
| 215 |
|
|
|a 557 с.
|
| 320 |
|
|
|a Указатель: с. 440-557
|
| 606 |
|
|
|a Русский язык
|x Толковые словари
|2 stltpush
|3 (RuTPU)RU\TPU\subj\26391
|9 50331
|
| 606 |
|
|
|a Синонимы
|x Русский язык
|2 stltpush
|3 (RuTPU)RU\TPU\subj\54860
|9 72935
|
| 610 |
1 |
|
|a лексика
|
| 610 |
1 |
|
|a лексикология
|
| 610 |
1 |
|
|a словари
|
| 610 |
1 |
|
|a толковые словари
|
| 686 |
|
|
|a Ш141.2-42
|v LBC/SL-A
|2 rubbk
|
| 686 |
|
|
|a Ш141.2-3
|v LBC/SL-A
|2 rubbk
|
| 701 |
|
1 |
|a Апресян
|b Ю. Д.
|g Юрий Дереникович
|
| 701 |
|
1 |
|a Апресян
|b В. Ю.
|
| 701 |
|
1 |
|a Богуславская
|b О. Ю.
|
| 701 |
|
1 |
|a Крылова
|b Т. В.
|
| 701 |
|
1 |
|a Левонтина
|b И. Б.
|
| 702 |
|
1 |
|a Апресян
|b Ю. Д.
|g Юрий Дереникович
|4 340
|
| 712 |
0 |
2 |
|a Российская академия наук (РАН)
|b Институт русского языка им. В. В. Виноградова (ИРЯ)
|c (Москва)
|2 stltpush
|3 (RuTPU)RU\TPU\col\864
|
| 801 |
|
1 |
|a RU
|b 63413507
|c 20040913
|g PSBO
|
| 801 |
|
2 |
|a RU
|b 63413507
|c 20171226
|g PSBO
|
| 942 |
|
|
|c BK
|
| 959 |
|
|
|a 118/20040908
|d 1
|e 364,76
|f ЧЗИЛ:1
|